000 00556nam a2200193 a 4500
005 20240816063733.0
008 991125s1973 mx 000 0 spa u
035 _aUPN01000003172
049 _aCG
050 4 _aPN6052
_aA5.3
245 0 0 _aAntología de la revista Contemporáneos /
_cintrod., selec. y notas de Manuel Durán.
260 _aMéxico :
_bFCE,
_c1973.
300 _a430 p.
440 0 _aLetras mexicanas ;
_v111
650 4 _aAntologías
_94761
650 2 _aPoesía
_vColecciones
_91214
700 1 _aDurán, Manuel,
_ecomp.
905 _aLibro
999 _c3172
_d3172